000 00655nas a2200229 4500
001 BR8202800
003 BR-BrBNA
005 20231205085149.0
007 ta
008 230509b bl.|||p| |||| 00| 00por d
040 _aBR-BrBNA
_bpor
_cBiblioteca Nacional de Agricultura
041 _a(Pt)
072 _aE30
100 1 _aAnon.
245 1 _a800 mil km2 para investidores do grande carajas
650 _aPROJETO DE DESENVOLVIMENTO
650 _aINVESTIMENTO
650 _aCARAJAS
773 0 _tSilvicultura (Brazil)
_xISSN 0100-3615
_g(May 1982), v. 7(24) p. 42-43
_wBR8202800
909 _a202311
_bLúcia
_c55
_dLúcia Elande
942 _2AGRIS
_n0
_cANA
999 _c109662
_d109662